00540 2200181 4500245004300000020002200043250001100065100001200076700001500088650002000103005001900123260002800142041001400170084001100184300002500195500012900220336000900349 aBad Boys Vs Crazy GirlscAsriacihText a978-602-6940-41-4 aCet. 3 aAsriaci aUly Amalia aNovel Indonesia a20230926130922 aDepokbBest Mediac2018 aIndonesia a808.83 a456 hlm. :c20.5 cm. aLiam selalu mengganggu Kate, Kate sangat benci kepada Liam.Liam mengutarakan perasaanya,Kate selalu menolaknya mentah-mentah atext